000 00466nam a2200181Ia 4500
003 GCL
008 140319s9999 xx 000 0 eng d
040 _aGCL /
_cGCL
082 0 4 _a823.01
_bP O
100 1 _aPRITCHETT, V.S.
245 1 0 _aTHE OXFORD BOOK OF SHORT STORIES /
_cPRITCHETT, V.S.
260 _a[S.N] :
_bOXFORD UNIVERSITY PRESS ،
_c1988
300 _a600 P
650 0 4 _aSHORT STORIES
650 0 4 _aENGLISH
650 0 4 _aAMERICAN
942 _2ddc
_cBK
999 _c24885
_d24885